| 000 | 004260000a22001690004500 | ||
|---|---|---|---|
| 003 | MACL | ||
| 005 | 20160102135017.0 | ||
| 008 | 160102b xxu||||| |||| 00| 0 eng d | ||
| 040 |
_aMACL _cMACL |
||
| 041 | _aEnglish | ||
| 082 | _a796/NEZ | ||
| 100 |
_aMezo, Dr Ferenc _927134 |
||
| 245 | _aThe Modern Olympic Games | ||
| 260 |
_bPannonia Press Budapest _c1956 _aLondon |
||
| 650 |
_aSports _927135 |
||
| 942 |
_cBK _k796/MEZ _2ddc |
||
| 999 |
_c34705 _d34705 |
||